000 00311nam a2200133Ia 4500
005 20251222141804.0
008 251222s9999||||xx |||||||||||||| ||spa||
082 _a658.15/J67
100 _aJohnson, Robert W.
245 0 _aAdministración Financiera
250 _a3a.ed.
264 _bContinental
942 _cLIB
999 _c6263
_d6263